[Event "XtraCon-Skakligaen"]
[Site "Denmark"]
[Date "2013.01.13"]
[Round "5.2"]
[White "Akdag, Dara Sevkan"]
[Black "Sloth, Jorn"]
[Result "1-0"]
[WhiteElo "2251"]
[BlackElo "2340"]
[PlyCount "101"]
[EventDate "2012.10.27"]
[EventType "team-tourn"]
[EventRounds "9"]
[WhiteTeam "BMSSkak"]
[BlackTeam "Nordre"]
[WhiteTeamCountry "DEN"]
[BlackTeamCountry "DEN"]

1. d4 e6 2. c4 Bb4+ 3. Bd2 a5 4. Nf3 Nf6 5. g3 b6 6. Bg2 Bb7 7. O-O O-O 8. Bf4
Be7 9. Nc3 Ne4 10. Qd3 Nxc3 11. Qxc3 d6 12. Rad1 Nd7 13. Ne1 Bxg2 14. Kxg2 c6
15. Nd3 Qc8 16. Qb3 Qb7 17. f3 a4 18. Qb4 c5 19. dxc5 dxc5 20. Qc3 Rfd8 21. Nf2
b5 22. Ne4 bxc4 23. Bd6 Bf6 24. Qxc4 Bxb2 25. Be7 Ne5 26. Qxc5 Rd5 27. Rxd5
exd5 28. Nf2 Rc8 29. Qb4 Qxb4 30. Bxb4 Rc2 31. Rb1 Rxe2 32. Bc3 Nd3 33. Bd4 Rc2
34. Kf1 Nxf2 35. Rxb2 Rxb2 36. Bxb2 Nd3 37. Ba3 f6 38. f4 g5 39. Ke2 gxf4 40.
Kxd3 fxg3 41. hxg3 Kf7 42. Ke3 h5 43. Bc5 Kg6 44. Kf4 f5 45. Bd4 h4 46. gxh4
Kh5 47. Kg3 Kg6 48. a3 Kh6 49. Bc5 Kg6 50. Be3 Kh5 51. Bf2 1-0

[Event "XtraCon-Skakligaen"]
[Site "Denmark"]
[Date "2013.01.13"]
[Round "5.3"]
[White "Petersen, Tom Petri"]
[Black "Rostgaard, Tobias Valentin"]
[Result "0-1"]
[WhiteElo "2331"]
[BlackElo "2229"]
[PlyCount "86"]
[EventDate "2012.10.27"]
[EventType "team-tourn"]
[EventRounds "9"]
[WhiteTeam "Nordre"]
[BlackTeam "BMSSkak"]
[WhiteTeamCountry "DEN"]
[BlackTeamCountry "DEN"]

1. Nf3 Nf6 2. g3 d5 3. Bg2 c6 4. O-O Bf5 5. d3 e6 6. Nbd2 Be7 7. Re1 O-O 8. Ne5
h6 9. b3 a5 10. a3 a4 11. b4 c5 12. b5 Nbd7 13. Nxd7 Qxd7 14. c4 d4 15. Nf3
Rfd8 16. Ne5 Qc7 17. e4 dxe3 18. Rxe3 Nd7 19. Nxd7 Rxd7 20. Bb2 Qd8 21. Bf1 Bf6
22. Ra2 Bxb2 23. Rxb2 Qf6 24. Rd2 Kh7 25. Qc2 Qa1 26. Qb2 Qxb2 27. Rxb2 b6 28.
h4 Rad8 29. Rd2 Rd4 30. Rc2 Bxd3 31. Bxd3+ Rxd3 32. Rc3 Rxe3 33. Rxe3 Rd1+ 34.
Kg2 Kg6 35. Rf3 f6 36. Re3 Kf7 37. Kf3 Rc1 38. Rd3 Ke7 39. Kg4 g6 40. h5 g5 41.
f4 f5+ 42. Kh3 g4+ 43. Kh4 Rh1# 0-1

[Event "XtraCon-Skakligaen"]
[Site "Denmark"]
[Date "2013.01.13"]
[Round "5.4"]
[White "Nielsen, Thomas Bach"]
[Black "Christensen, Jan Schleicher"]
[Result "1-0"]
[WhiteElo "2188"]
[BlackElo "2252"]
[PlyCount "63"]
[EventDate "2012.10.27"]
[EventType "team-tourn"]
[EventRounds "9"]
[WhiteTeam "BMSSkak"]
[BlackTeam "Nordre"]
[WhiteTeamCountry "DEN"]
[BlackTeamCountry "DEN"]

1. d4 Nf6 2. Nf3 c5 3. c3 g6 4. g3 Bg7 5. Bg2 O-O 6. O-O Qc7 7. Bf4 d6 8. dxc5
Qxc5 9. Nbd2 Nc6 10. Nb3 Qh5 11. Re1 e5 12. Bc1 d5 13. e4 dxe4 14. Ng5 Bg4 15.
Qc2 Rad8 16. Nxe4 Nxe4 17. Qxe4 f5 18. Qc4+ Kh8 19. Nc5 Rc8 20. Qf1 f4 21. Nxb7
f3 22. Bh1 Rf6 23. Re4 g5 24. Qd1 Rcf8 25. Nc5 Rh6 26. h4 gxh4 27. Bxh6 Bxh6
28. gxh4 Bh3 29. Qd6 Rg8+ 30. Kh2 Qf5 31. Qxh6 Bg2 32. Qe6 1-0

[Event "XtraCon-Skakligaen"]
[Site "Denmark"]
[Date "2013.01.13"]
[Round "5.5"]
[White "Nielsen, Poul Erik"]
[Black "Haubro, Martin"]
[Result "1-0"]
[WhiteElo "2215"]
[BlackElo "2151"]
[PlyCount "79"]
[EventDate "2012.10.27"]
[EventType "team-tourn"]
[EventRounds "9"]
[WhiteTeam "Nordre"]
[BlackTeam "BMSSkak"]
[WhiteTeamCountry "DEN"]
[BlackTeamCountry "DEN"]

1. c4 e5 2. g3 d6 3. Bg2 Be7 4. Nc3 c6 5. d4 Bg4 6. h3 Bh5 7. dxe5 dxe5 8.
Qxd8+ Kxd8 9. f4 f6 10. Be3 Nd7 11. O-O-O Bf7 12. b3 Ba3+ 13. Kc2 Ne7 14. fxe5
fxe5 15. g4 Kc7 16. Ne4 Bg6 17. Kc3 Rhd8 18. Ng5 Nf8 19. Rf1 a5 20. Be4 h6 21.
Bxg6 Nexg6 22. Ne4 Ne6 23. Rf7+ Rd7 24. Rxd7+ Kxd7 25. Nf3 c5 26. h4 Ke7 27. h5
Ngf4 28. Nxe5 Nxe2+ 29. Kd2 N2d4 30. Rf1 Rd8 31. Rf7+ Ke8 32. Kc3 Ne2+ 33. Kc2
N6d4+ 34. Kb1 Nc6 35. Nxc6 bxc6 36. Rxg7 Kf8 37. Bxh6 Rd1+ 38. Kc2 Ra1 39. Rd7+
Ke8 40. Nf6# 1-0

[Event "XtraCon-Skakligaen"]
[Site "Denmark"]
[Date "2013.01.13"]
[Round "5.7"]
[White "Hoiberg, Nina"]
[Black "Brorsen, Jacob Abildlund"]
[Result "1-0"]
[WhiteElo "2196"]
[BlackElo "2129"]
[PlyCount "109"]
[EventDate "2012.10.27"]
[EventType "team-tourn"]
[EventRounds "9"]
[WhiteTeam "Nordre"]
[BlackTeam "BMSSkak"]
[WhiteTeamCountry "DEN"]
[BlackTeamCountry "DEN"]

1. e4 g6 2. d4 Bg7 3. Nc3 d6 4. f4 a6 5. Nf3 b5 6. Be2 Nd7 7. e5 Bb7 8. e6 fxe6
9. Ng5 Nf8 10. Bf3 Bxf3 11. Qxf3 d5 12. Qd3 Nf6 13. Bd2 Qd6 14. O-O-O N6d7 15.
Rhe1 c5 16. Qh3 cxd4 17. Nxe6 Bf6 18. Nxd5 Nxe6 19. Qxe6 Qxe6 20. Rxe6 Kf7 21.
Rc6 Rhc8 22. Nxf6 Nxf6 23. Rxc8 Rxc8 24. Ba5 Nd5 25. Rxd4 Ne3 26. Bc3 Nxg2 27.
a4 Ne3 28. axb5 axb5 29. Kd2 Nc4+ 30. Kd3 h5 31. b3 Na3 32. Rd5 e6 33. Rd7+ Ke8
34. Rb7 Rd8+ 35. Ke4 Rd5 36. Rg7 Nxc2 37. Rxg6 Kd7 38. Rg5 b4 39. Be5 Rd2 40.
Rxh5 Rf2 41. h4 Rh2 42. Rh7+ Ke8 43. Kd3 Ne1+ 44. Kc4 Nc2 45. h5 Rh4 46. Kc5
Rh3 47. Kd6 Re3 48. h6 Kf8 49. Kxe6 Nd4+ 50. Kf6 Kg8 51. Bxd4 Re4 52. Rg7+ Kh8
53. Rd7 Kg8 54. h7+ Kh8 55. Kf5+ 1-0

[Event "XtraCon-Skakligaen"]
[Site "Denmark"]
[Date "2013.01.13"]
[Round "5.8"]
[White "Vesterli, Michael E"]
[Black "Hansen, Per"]
[Result "1-0"]
[WhiteElo "2038"]
[BlackElo "2173"]
[PlyCount "58"]
[EventDate "2012.10.27"]
[EventType "team-tourn"]
[EventRounds "9"]
[WhiteTeam "BMSSkak"]
[BlackTeam "Nordre"]
[WhiteTeamCountry "DEN"]
[BlackTeamCountry "DEN"]

1. d4 Nf6 2. c4 c5 3. d5 e5 4. Nc3 d6 5. Bg5 Be7 6. Nf3 a6 7. e4 Nbd7 8. Be2
Nf8 9. Rb1 Ng6 10. g3 h6 11. Bd2 Nh7 12. b4 b6 13. bxc5 bxc5 14. Na4 Bh3 15.
Nb6 O-O 16. Nxa8 Qxa8 17. Bf1 Qc8 18. Bxh3 Qxh3 19. Ng1 Qd7 20. Ne2 Qg4 21. Nc3
Qh3 22. Qe2 Bg5 23. Rb6 f5 24. Rxd6 Ne7 25. Re6 Kf7 26. Rxe5 Bf6 27. Re6 Rb8
28. e5 Qg2 29. Rf1 Ng5 1-0

[Event "XtraCon-Skakligaen"]
[Site "Denmark"]
[Date "2013.01.13"]
[Round "5.1"]
[White "Hagen, Andreas Skytte"]
[Black "Matthiesen, Arne"]
[Result "1-0"]
[WhiteElo "2416"]
[BlackElo "2345"]
[PlyCount "113"]
[EventDate "2012.10.27"]
[EventType "team-tourn"]
[EventRounds "9"]
[WhiteTeam "K41"]
[BlackTeam "SK1968"]
[WhiteTeamCountry "DEN"]
[BlackTeamCountry "DEN"]

1. e4 g6 2. d4 Bg7 3. Nc3 d6 4. f4 Nf6 5. Nf3 O-O 6. Bd3 Nbd7 7. O-O e5 8. dxe5
dxe5 9. Kh1 c6 10. Qe2 Qe7 11. f5 Nc5 12. Bg5 Nxd3 13. cxd3 h6 14. Bh4 gxf5 15.
exf5 Bxf5 16. Ne1 Bg6 17. Qf2 Qb4 18. Bxf6 Bxf6 19. Qxf6 Qxb2 20. Nf3 Qxc3 21.
Nxe5 Rad8 22. Rae1 Qd4 23. Rf4 Qd6 24. Qh4 Rde8 25. d4 Kg7 26. Ref1 Re6 27. Ng4
h5 28. Ne5 Rxe5 29. dxe5 Qxe5 30. Qf2 b6 31. Ra4 Qe7 32. Re1 Qc7 33. h3 c5 34.
Qb2+ Kg8 35. Qf6 Rd8 36. Rxa7 Qxa7 37. Qxd8+ Kg7 38. Re8 Qxa2 39. Qxb6 Qa1+ 40.
Kh2 Qd4 41. Qc7 c4 42. Rd8 Qc3 43. Qc5 Qf6 44. Rd4 Bd3 45. Qd6 Kg6 46. Qg3+ Qg5
47. Rd6+ f6 48. Rd5 Qxg3+ 49. Kxg3 Be2 50. Rc5 Bf1 51. h4 Kh6 52. Rf5 Bd3 53.
Rxf6+ Kg7 54. Rc6 Kf7 55. Kf4 Ke7 56. Ke3 Bf1 57. g3 1-0

[Event "XtraCon-Skakligaen"]
[Site "Denmark"]
[Date "2013.01.13"]
[Round "5.2"]
[White "Hansen, Lars"]
[Black "Nilsson, Sebastian"]
[Result "1/2-1/2"]
[WhiteElo "2267"]
[BlackElo "2330"]
[PlyCount "44"]
[EventDate "2012.10.27"]
[EventType "team-tourn"]
[EventRounds "9"]
[WhiteTeam "SK1968"]
[BlackTeam "K41"]
[WhiteTeamCountry "DEN"]
[BlackTeamCountry "DEN"]

1. e4 c5 2. d3 Nc6 3. g3 g6 4. Bg2 Bg7 5. f4 d6 6. Nf3 e5 7. O-O exf4 8. gxf4
Nge7 9. c3 O-O 10. Na3 b6 11. Qe1 d5 12. Qh4 Ba6 13. f5 gxf5 14. Bh6 Qd6 15.
Bxg7 Kxg7 16. exd5 Nxd5 17. Nc4 Qf4 18. Rae1 Rae8 19. Nd4 Qxh4 20. Nxf5+ Kg8
21. Nxh4 Rxe1 22. Rxe1 Nde7 1/2-1/2

[Event "XtraCon-Skakligaen"]
[Site "Denmark"]
[Date "2013.01.13"]
[Round "5.3"]
[White "Brinck Claussen, Bjorn"]
[Black "Lindfeldt, Jan Magnus"]
[Result "0-1"]
[WhiteElo "2260"]
[BlackElo "2269"]
[PlyCount "60"]
[EventDate "2012.10.27"]
[EventType "team-tourn"]
[EventRounds "9"]
[WhiteTeam "K41"]
[BlackTeam "SK1968"]
[WhiteTeamCountry "DEN"]
[BlackTeamCountry "DEN"]

1. e4 e5 2. Nf3 Nc6 3. Bb5 a6 4. Ba4 Nf6 5. O-O Be7 6. Re1 b5 7. Bb3 d6 8. c3
O-O 9. h3 Bb7 10. d4 Re8 11. Nbd2 Bf8 12. a3 h6 13. Bc2 Nb8 14. b4 Nbd7 15. Bb2
Nb6 16. dxe5 dxe5 17. c4 c5 18. bxc5 Bxc5 19. cxb5 axb5 20. Nxe5 Na4 21. Bxa4
Rxa4 22. Qb3 Rxe5 23. Bxe5 Qxd2 24. Red1 Qxf2+ 25. Kh2 Rxe4 26. Rf1 Qxg2+ 27.
Kxg2 Re2+ 28. Kg3 Rg2+ 29. Kf4 Nh5+ 30. Kf5 g6# 0-1

[Event "XtraCon-Skakligaen"]
[Site "Denmark"]
[Date "2013.01.13"]
[Round "5.4"]
[White "Matthiesen, Martin"]
[Black "Naes, Flovin Tor"]
[Result "1-0"]
[WhiteElo "2266"]
[BlackElo "2271"]
[PlyCount "69"]
[EventDate "2012.10.27"]
[EventType "team-tourn"]
[EventRounds "9"]
[WhiteTeam "SK1968"]
[BlackTeam "K41"]
[WhiteTeamCountry "DEN"]
[BlackTeamCountry "DEN"]

1. d4 d5 2. c4 dxc4 3. e3 e6 4. Bxc4 Nf6 5. Nf3 c5 6. O-O a6 7. dxc5 Qxd1 8.
Rxd1 Bxc5 9. Be2 Nc6 10. Nbd2 b6 11. Ng5 Bb7 12. Nge4 Nxe4 13. Nxe4 Be7 14.
Nd6+ Bxd6 15. Rxd6 Ke7 16. Rd1 Rhd8 17. Bd2 Rac8 18. Bc3 f6 19. f4 Rxd1+ 20.
Rxd1 Rd8 21. Rc1 Rc8 22. Kf2 Kd7 23. Rd1+ Ke7 24. g4 h6 25. h4 Rf8 26. Bf3 a5
27. b4 Rd8 28. b5 Rxd1 29. bxc6 Rd8 30. cxb7 Kd6 31. Bd4 Kc7 32. g5 Rf8 33.
gxf6 gxf6 34. Ke2 Rf7 35. Bxb6+ 1-0

[Event "XtraCon-Skakligaen"]
[Site "Denmark"]
[Date "2013.01.13"]
[Round "5.5"]
[White "Laursen, Niels Norskov"]
[Black "Rewitz, Poul"]
[Result "1-0"]
[WhiteElo "2261"]
[BlackElo "2252"]
[PlyCount "143"]
[EventDate "2012.10.27"]
[EventType "team-tourn"]
[EventRounds "9"]
[WhiteTeam "K41"]
[BlackTeam "SK1968"]
[WhiteTeamCountry "DEN"]
[BlackTeamCountry "DEN"]

1. e4 e6 2. d4 d5 3. Nc3 Nf6 4. e5 Nfd7 5. f4 c5 6. Nf3 Nc6 7. Be3 a6 8. Qd2
cxd4 9. Nxd4 g5 10. g3 gxf4 11. gxf4 Qh4+ 12. Bf2 Nxd4 13. Qxd4 Qh6 14. O-O-O
Rg8 15. Qd2 Rg4 16. Ne2 Nc5 17. h3 Ne4 18. hxg4 Qxh1 19. Qe3 Bd7 20. Ng3 Nxg3
21. Bxg3 Rc8 22. Bd3 Qh3 23. Qf3 Qh6 24. Rh1 Qg7 25. Rxh7 Qg8 26. g5 Bb5 27.
Bxb5+ axb5 28. Qd3 Rc4 29. Rh1 Qg6 30. Qxg6 fxg6 31. Rh7 b6 32. Kd2 Rd4+ 33.
Ke2 Re4+ 34. Kf3 b4 35. Rh2 Bc5 36. Re2 Rc4 37. Bf2 d4 38. Ke4 d3+ 39. Kxd3
Rxf4 40. Bxc5 bxc5 41. Re4 Rf5 42. Kc4 Rf2 43. Kxc5 Rxc2+ 44. Kd6 Rxb2 45. Kxe6
Rxa2 46. Rxb4 Ra6+ 47. Kd5 Ra5+ 48. Ke6 Ra6+ 49. Kd5 Ra5+ 50. Ke4 Ra6 51. Rb5
Ke7 52. Kd5 Ke8 53. e6 Ra1 54. Rb8+ Ke7 55. Rb7+ Ke8 56. Kd6 Rd1+ 57. Ke5 Rf1
58. Rf7 Rg1 59. Kf6 Re1 60. Rh7 Rf1+ 61. Kxg6 Re1 62. Rf7 Rxe6+ 63. Kg7 Re4 64.
g6 Rh4 65. Kg8 Rh6 66. g7 Rh4 67. Rf3 Re4 68. Rf8+ Ke7 69. Kh7 Rh4+ 70. Kg6
Rg4+ 71. Kh6 Rh4+ 72. Kg5 1-0

[Event "XtraCon-Skakligaen"]
[Site "Denmark"]
[Date "2013.01.13"]
[Round "5.7"]
[White "Christensen, Bo Garner"]
[Black "Pedersen, Gunnar"]
[Result "0-1"]
[WhiteElo "2243"]
[BlackElo "2231"]
[PlyCount "92"]
[EventDate "2012.10.27"]
[EventType "team-tourn"]
[EventRounds "9"]
[WhiteTeam "K41"]
[BlackTeam "SK1968"]
[WhiteTeamCountry "DEN"]
[BlackTeamCountry "DEN"]

1. e4 c5 2. Nf3 e6 3. b4 d6 4. bxc5 dxc5 5. c3 Nf6 6. e5 Nd5 7. d4 cxd4 8. cxd4
Nc6 9. a3 Be7 10. Bd3 b5 11. Nbd2 a6 12. Nb3 Bb7 13. Bd2 b4 14. axb4 Ncxb4 15.
Bb1 Rc8 16. Na5 Ba8 17. Qb3 Nb6 18. O-O Bd5 19. Qb2 Bxf3 20. Bxb4 Bxb4 21. Qxb4
Ba8 22. Ra2 Nd5 23. Qa4+ Kf8 24. Rc2 Rxc2 25. Bxc2 g6 26. Nc4 Kg7 27. Nd6 Nf4
28. f3 Qg5 29. g3 Ne2+ 30. Kf2 Nc3 31. Qd7 Qd2+ 32. Kg1 Rf8 33. Rf2 Ne2+ 34.
Kf1 Qxc2 35. Rxe2 Qd1+ 36. Kf2 Qh1 37. Ne4 Qxh2+ 38. Ke3 Qg1+ 39. Kf4 Bxe4 40.
fxe4 Qf1+ 41. Ke3 Rb8 42. Qa4 Qg1+ 43. Kf3 Rb1 44. Rf2 Qh1+ 45. Kf4 Re1 46. Qc2
Qh6+ 0-1

[Event "XtraCon-Skakligaen"]
[Site "Denmark"]
[Date "2013.01.13"]
[Round "5.8"]
[White "Sorensen, Torben Kyhl"]
[Black "Hartung Nielsen, Jens"]
[Result "1-0"]
[WhiteElo "2179"]
[BlackElo "2241"]
[PlyCount "45"]
[EventDate "2012.10.27"]
[EventType "team-tourn"]
[EventRounds "9"]
[WhiteTeam "SK1968"]
[BlackTeam "K41"]
[WhiteTeamCountry "DEN"]
[BlackTeamCountry "DEN"]

1. e4 c5 2. c3 e6 3. d4 d5 4. e5 Qb6 5. Nf3 Bd7 6. Be2 Bb5 7. c4 Bxc4 8. Bxc4
dxc4 9. d5 exd5 10. Qxd5 Ne7 11. Qe4 Qc6 12. Qxc4 Nf5 13. O-O Be7 14. Nc3 O-O
15. Nd5 Rd8 16. Nxe7+ Nxe7 17. Bg5 Re8 18. Rad1 Nd7 19. Rd6 Nxe5 20. Nxe5 Qxd6
21. Qxf7+ Kh8 22. Qxe8+ Rxe8 23. Nf7+ 1-0

[Event "XtraCon-Skakligaen"]
[Site "Denmark"]
[Date "2013.01.27"]
[Round "6.1"]
[White "Matthiesen, Arne"]
[Black "Kristiansen, Jens"]
[Result "0-1"]
[WhiteElo "2345"]
[BlackElo "2419"]
[PlyCount "132"]
[EventDate "2012.10.27"]
[EventType "team-tourn"]
[EventRounds "9"]
[WhiteTeam "SK1968"]
[BlackTeam "BMSSkak"]
[WhiteTeamCountry "DEN"]
[BlackTeamCountry "DEN"]

1. d4 g6 2. Nf3 Bg7 3. e4 d6 4. c4 e5 5. Nc3 Nd7 6. Be2 Ngf6 7. O-O O-O 8. Be3
Ng4 9. Bg5 f6 10. Bh4 Nh6 11. c5 g5 12. Bg3 g4 13. Nh4 exd4 14. Qxd4 Nxc5 15.
Nf5 Kh8 16. Nxg7 Kxg7 17. Rac1 Nf7 18. Nd5 Ne5 19. b4 Ne6 20. Qc3 c6 21. Ne3
Ng5 22. Qc2 Be6 23. Rfd1 Qe7 24. h4 Ngf7 25. f4 gxf3 26. gxf3 Kh8 27. Kh2 Rg8
28. Rg1 Rg7 29. Bf2 Rag8 30. Rxg7 Rxg7 31. Rg1 Ng6 32. Ng2 Nfe5 33. h5 Nf8 34.
Bxa7 Qf7 35. Nf4 Rxg1 36. Bxg1 Bxa2 37. Qd2 Bc4 38. Kg2 Bxe2 39. Qxe2 Qg7+ 40.
Kh2 Qf7 41. Bd4 Ne6 42. Nxe6 Qxe6 43. f4 Ng4+ 44. Kg3 Nh6 45. Qf3 Kg7 46. f5
Qc4 47. Qe3 Ng8 48. Bc3 Kf7 49. Qd4 Qxd4 50. Bxd4 Nh6 51. Be3 Kg7 52. Bb6 Nf7
53. Bc7 b5 54. Kf4 Kh6 55. Kg4 Ne5+ 56. Kf4 Nc4 57. Bd8 Kg7 58. h6+ Kf7 59. Bc7
Ke7 60. Bb8 c5 61. bxc5 dxc5 62. Kf3 b4 63. Ke2 Nd6 64. Ba7 b3 65. Kd3 c4+ 66.
Kc3 Nb5+ 0-1

[Event "XtraCon-Skakligaen"]
[Site "Denmark"]
[Date "2013.01.27"]
[Round "6.2"]
[White "Akdag, Dara Sevkan"]
[Black "Hansen, Lars"]
[Result "1-0"]
[WhiteElo "2251"]
[BlackElo "2267"]
[PlyCount "125"]
[EventDate "2012.10.27"]
[EventType "team-tourn"]
[EventRounds "9"]
[WhiteTeam "BMSSkak"]
[BlackTeam "SK1968"]
[WhiteTeamCountry "DEN"]
[BlackTeamCountry "DEN"]

1. Nf3 g6 2. g3 Bg7 3. Bg2 e5 4. O-O Nc6 5. d3 d6 6. c4 f5 7. Nc3 Nf6 8. Rb1
O-O 9. b4 h6 10. a4 Be6 11. b5 Ne7 12. a5 b6 13. Ne1 Rc8 14. Qb3 g5 15. Nd5 f4
16. Nxf6+ Rxf6 17. Bb2 Bg4 18. Qd1 Qe8 19. d4 Ng6 20. Nd3 exd4 21. Bd5+ Kh8 22.
f3 Bh3 23. Re1 Rf8 24. g4 h5 25. Nf2 Qd7 26. Nxh3 hxg4 27. Nxg5 Qf5 28. Ne4 g3
29. Bxd4 Be5 30. Bxe5+ dxe5 31. hxg3 Qh3 32. Be6 Qxe6 33. Kg2 fxg3 34. Rh1+ Kg7
35. Rh7+ Kg8 36. Qh1 Nf4+ 37. Kg1 Qg6 38. Rh8+ Kg7 39. Rh4 Rh8 40. Re1 bxa5 41.
e3 Ne6 42. Rd1 Rcd8 43. Rd5 Ng5 44. Rxh8 Rxh8 45. Rd7+ Nf7 46. Qg2 Kf8 47. Rxc7
Qh6 48. Nxg3 Qxe3+ 49. Qf2 Qc1+ 50. Kg2 Nd6 51. Rc6 Rh6 52. c5 Nf5 53. Rxh6
Nxh6 54. c6 a4 55. Qxa7 a3 56. Qb8+ Kf7 57. Qc7+ Kg6 58. Qd6+ Kf7 59. Qd7+ Kg6
60. c7 a2 61. c8=Q Qxc8 62. Qxc8 a1=Q 63. Qa6+ 1-0

[Event "XtraCon-Skakligaen"]
[Site "Denmark"]
[Date "2013.01.27"]
[Round "6.3"]
[White "Lindfeldt, Jan Magnus"]
[Black "Rostgaard, Tobias Valentin"]
[Result "1/2-1/2"]
[WhiteElo "2269"]
[BlackElo "2229"]
[PlyCount "75"]
[EventDate "2012.10.27"]
[EventType "team-tourn"]
[EventRounds "9"]
[WhiteTeam "SK1968"]
[BlackTeam "BMSSkak"]
[WhiteTeamCountry "DEN"]
[BlackTeamCountry "DEN"]

1. e4 c5 2. Nf3 e6 3. Nc3 Nc6 4. Bb5 Nge7 5. d4 cxd4 6. Nxd4 Nxd4 7. Qxd4 a6 8.
Bd3 d6 9. f4 Nc6 10. Qf2 g6 11. Be3 Bg7 12. Bb6 Qe7 13. e5 O-O 14. exd6 Qxd6
15. Bc5 Qc7 16. Bxf8 Kxf8 17. Nd1 Bd4 18. Qd2 e5 19. c3 Bc5 20. f5 e4 21. Qh6+
Kg8 22. fxg6 hxg6 23. Bc4 Ne5 24. Be2 Nd3+ 25. Bxd3 exd3 26. Kd2 Bf8 27. Qh4
Be6 28. Ne3 Qb6 29. b4 a5 30. a3 Bg7 31. Rhc1 Rc8 32. Rab1 Rxc3 33. Rxc3 Bxc3+
34. Kxc3 Qxe3 35. Qd8+ Kh7 36. Qh4+ Kg8 37. Qd8+ Kh7 38. Qh4+ 1/2-1/2

[Event "XtraCon-Skakligaen"]
[Site "Denmark"]
[Date "2013.01.27"]
[Round "6.4"]
[White "Nielsen, Thomas Bach"]
[Black "Matthiesen, Martin"]
[Result "1-0"]
[WhiteElo "2188"]
[BlackElo "2266"]
[PlyCount "121"]
[EventDate "2012.10.27"]
[EventType "team-tourn"]
[EventRounds "9"]
[WhiteTeam "BMSSkak"]
[BlackTeam "SK1968"]
[WhiteTeamCountry "DEN"]
[BlackTeamCountry "DEN"]

1. f4 d5 2. Nf3 Nf6 3. g3 g6 4. Bg2 Bg7 5. O-O O-O 6. d3 c5 7. Nc3 Nc6 8. e4
dxe4 9. dxe4 e5 10. f5 Qxd1 11. Rxd1 gxf5 12. exf5 Bxf5 13. Be3 Nd4 14. Rac1
Ng4 15. Bg5 h6 16. Nxd4 cxd4 17. Nd5 Be6 18. Bd2 Rad8 19. Ne7+ Kh8 20. Be4 Rfe8
21. Nf5 Nf6 22. Nxg7 Kxg7 23. Bg2 Bd5 24. Rf1 Bxg2 25. Kxg2 Nd5 26. Rf5 Re6 27.
Rcf1 f6 28. Rh5 Ne3+ 29. Bxe3 dxe3 30. Kf3 Rd2 31. Kxe3 Rxc2 32. g4 Rxb2 33. h4
Kg6 34. Rhf5 Ra6 35. h5+ Kg7 36. Rd1 Ra3+ 37. Ke4 Rb4+ 38. Kd5 Rd4+ 39. Rxd4
exd4 40. Kxd4 Rxa2 41. Rc5 Rd2+ 42. Ke4 Rd7 43. Rc8 a5 44. Ra8 b6 45. Ra6 Rb7
46. Kd5 Kf7 47. Ra8 Re7 48. Rh8 Kg7 49. Rb8 Ra7 50. Kc6 a4 51. Kxb6 a3 52. Kxa7
a2 53. Rb7+ Kf8 54. Rb8+ Ke7 55. Rb7+ Ke6 56. Rb6+ Ke5 57. Ra6 Kf4 58. Ra4+ Kg5
59. Kb6 a1=Q 60. Rxa1 Kxg4 61. Kc5 1-0

[Event "XtraCon-Skakligaen"]
[Site "Denmark"]
[Date "2013.01.27"]
[Round "6.5"]
[White "Rewitz, Poul"]
[Black "Haubro, Martin"]
[Result "1-0"]
[WhiteElo "2252"]
[BlackElo "2151"]
[PlyCount "49"]
[EventDate "2012.10.27"]
[EventType "team-tourn"]
[EventRounds "9"]
[WhiteTeam "SK1968"]
[BlackTeam "BMSSkak"]
[WhiteTeamCountry "DEN"]
[BlackTeamCountry "DEN"]

1. d4 Nf6 2. Bg5 e6 3. e3 d5 4. Nf3 Be7 5. c4 h6 6. Bxf6 Bxf6 7. Nc3 b6 8. Qa4+
c6 9. cxd5 exd5 10. Bd3 O-O 11. O-O Re8 12. h3 a5 13. Rac1 Ba6 14. Rfd1 Bxd3
15. Rxd3 b5 16. Qd1 Qd6 17. Ne2 Nd7 18. Nf4 a4 19. Rdc3 Rec8 20. Qc2 Ra6 21. a3
b4 22. axb4 Qxb4 23. Nxd5 Qb5 24. Qf5 Kf8 25. Qh7 1-0

[Event "XtraCon-Skakligaen"]
[Site "Denmark"]
[Date "2013.01.27"]
[Round "6.6"]
[White "Brondt, Nicolai Kvist"]
[Black "Hansen, Bjarne"]
[Result "0-1"]
[WhiteElo "2177"]
[BlackElo "2260"]
[PlyCount "98"]
[EventDate "2012.10.27"]
[EventType "team-tourn"]
[EventRounds "9"]
[WhiteTeam "BMSSkak"]
[BlackTeam "SK1968"]
[WhiteTeamCountry "DEN"]
[BlackTeamCountry "DEN"]

1. Nf3 Nf6 2. c4 c5 3. Nc3 d5 4. d4 cxd4 5. Nxd5 Nxd5 6. cxd5 Qxd5 7. Qxd4 Qxd4
8. Nxd4 e5 9. Nb5 Bb4+ 10. Bd2 Bxd2+ 11. Kxd2 Na6 12. e4 O-O 13. Rc1 Nb4 14.
Bc4 Bd7 15. Nd6 Be6 16. Bxe6 Rad8 17. Kc3 Rxd6 18. Bc4 Rb6 19. a3 Nc6 20. Rcd1
Rc8 21. Rd5 Kf8 22. Rc5 Rd8 23. Bd5 Nd4 24. b4 Rd7 25. a4 Rg6 26. g3 Ra6 27. a5
g5 28. Rd1 Rf6 29. Rd2 Kg7 30. Bc4 Re7 31. h3 Nf3 32. Rdd5 b6 33. axb6 axb6 34.
Rc8 Ng1 35. f4 gxf4 36. gxf4 exf4 37. Rg5+ Rg6 38. h4 f3 39. Kd4 Rxg5 40. hxg5
Nh3 41. Ke3 Nxg5 42. Bd5 Ra7 43. Kf4 h6 44. Kg3 Ra4 45. Rc4 Ra2 46. e5 Rg2+ 47.
Kf4 Rd2 48. Bc6 f2 49. Rc1 Rc2 0-1

[Event "XtraCon-Skakligaen"]
[Site "Denmark"]
[Date "2013.01.27"]
[Round "6.7"]
[White "Bank, Pelle Rodkjaer"]
[Black "Pedersen, Sven"]
[Result "1-0"]
[WhiteElo "2220"]
[BlackElo "2114"]
[PlyCount "51"]
[EventDate "2012.10.27"]
[EventType "team-tourn"]
[EventRounds "9"]
[WhiteTeam "SK1968"]
[BlackTeam "BMSSkak"]
[WhiteTeamCountry "DEN"]
[BlackTeamCountry "DEN"]

1. d4 d5 2. c4 c6 3. Nf3 Nf6 4. Nc3 e6 5. Bg5 h6 6. Bh4 dxc4 7. e4 g5 8. Bg3 b5
9. Be2 Bb4 10. O-O Nbd7 11. Qc2 Bb7 12. Rfd1 Qb6 13. Ne5 Rg8 14. d5 cxd5 15.
Nxd7 Nxd7 16. exd5 Bxc3 17. dxe6 Qxe6 18. Qxc3 O-O-O 19. Qa5 Qb6 20. Qxb6 axb6
21. Bg4 Be4 22. f3 Bd3 23. a4 f5 24. axb5 fxg4 25. Ra7 Nb8 26. Ra2 1-0

[Event "XtraCon-Skakligaen"]
[Site "Denmark"]
[Date "2013.01.27"]
[Round "6.8"]
[White "Brorsen, Jacob Abildlund"]
[Black "Christensen, Thomas"]
[Result "1-0"]
[WhiteElo "2129"]
[BlackElo "2248"]
[PlyCount "87"]
[EventDate "2012.10.27"]
[EventType "team-tourn"]
[EventRounds "9"]
[WhiteTeam "BMSSkak"]
[BlackTeam "SK1968"]
[WhiteTeamCountry "DEN"]
[BlackTeamCountry "DEN"]

1. d4 Nf6 2. c4 e6 3. Nf3 b6 4. g3 Bb7 5. Bg2 Bb4+ 6. Bd2 a5 7. O-O O-O 8. a3
Bxd2 9. Qxd2 a4 10. Nc3 Ne4 11. Qc2 Nxc3 12. bxc3 Ra7 13. Rab1 Nc6 14. Rfd1 Qe7
15. d5 Na5 16. Qxa4 d6 17. Nd4 e5 18. Nb5 Raa8 19. Qb4 Ba6 20. a4 Nb7 21. Ra1
e4 22. Nd4 Na5 23. Nc6 Nxc6 24. dxc6 Rab8 25. e3 f5 26. Bf1 g5 27. a5 f4 28.
axb6 Rxb6 29. Qa5 fxe3 30. Qd5+ Rf7 31. fxe3 Qf6 32. Ra2 Bc8 33. Ra8 Kg7 34.
Rxc8 Qf2+ 35. Kh1 h6 36. Qd4+ Kg6 37. Qxe4+ Kg7 38. Qd4+ Kg6 39. Qe4+ Kg7 40.
Bh3 Rb2 41. Qg2 g4 42. Qxf2 Rfxf2 43. Rxc7+ Kf8 44. Ra1 1-0

[Event "XtraCon-Skakligaen"]
[Site "Denmark"]
[Date "2013.01.27"]
[Round "6.1"]
[White "Hansen, Mads Smith"]
[Black "Sorensen, Jan"]
[Result "1-0"]
[WhiteElo "2364"]
[BlackElo "2429"]
[PlyCount "109"]
[EventDate "2012.10.27"]
[EventType "team-tourn"]
[EventRounds "9"]
[WhiteTeam "Obro"]
[BlackTeam "Aarhus/Skolerne"]
[WhiteTeamCountry "DEN"]
[BlackTeamCountry "DEN"]

1. Nf3 Nf6 2. d4 c5 3. d5 b5 4. Bg5 Qb6 5. a4 bxa4 6. Nc3 Qxb2 7. Bd2 Qb6 8. e4
d6 9. e5 dxe5 10. Nxe5 a6 11. Rb1 Qc7 12. Nc4 Nbd7 13. g3 Rb8 14. Bg2 Rxb1 15.
Qxb1 Qb8 16. Qa2 g6 17. O-O Bg7 18. Rb1 Qc7 19. d6 exd6 20. Re1+ Ne5 21. f4 O-O
22. fxe5 dxe5 23. Nxe5 Qd6 24. Nd3 Be6 25. Qa3 Ng4 26. Ne4 Qb6 27. Kh1 c4 28.
Nf4 Bf5 29. h3 Nf2+ 30. Nxf2 Qxf2 31. Re2 Qd4 32. Nd5 c3 33. Bxc3 Qc4 34. Ne7+
Kh8 35. Bxg7+ Kxg7 36. Nxf5+ gxf5 37. Qb2+ Kg6 38. Qe5 f6 39. Qe7 Rb8 40. Kh2
Qd4 41. Bc6 Rg8 42. Be8+ Kh6 43. Qe3+ Qxe3 44. Rxe3 a3 45. Ba4 a2 46. Ra3 Rd8
47. Kg2 f4 48. Bb3 Rd2+ 49. Kf3 fxg3 50. Kxg3 Kg5 51. Rxa2 h5 52. h4+ Kf5 53.
Rxa6 Ke4 54. Ra4+ Ke3 55. Ra6 1-0